00446cam a22001217a 4500008004000000082001400040100001800054245012100072260004100193300001300234650004300247650003400290180718b1956 xxu||||| |||| 00| 0 eng d aDx47 Sm53 aSmith, C. Jay aRussian struggle for power, 1914-1917: a study of Russian foreign policy during the first world warcby C. Jay Smith aNew YorkbPhilosphical Libraryc1956 axv, 553p aRussia --Foreign relations --1894-1917 aWorld War, 1914-1918 --Russia